000
00270nam a2200109Ia 4500
008
220204s9999 xx 000 0 und d
082
_a
546
_b
MEL
100
_a
Mellor, J W
245
0
_a
Mellor's modern inorganic chemistry
260
_a
London
_b
Longman
_c
1956
942
_c
BK
999
_c
19323
_d
19323